| 000 | 00613nam a22001817a 4500 | ||
|---|---|---|---|
| 020 | _a0618401288 (student text) | ||
| 050 |
_aQA303 _b.C173 2005 |
||
| 100 | _aDonald R. LaTorre ... [et al.]. | ||
| 245 |
_aCalculus concepts : _ban informal approach to the mathematics of change _cDonald R LaTorre; John W Kenelly; Iris B Fetta; Cynthia R Harris; Laurel L Carpenter; et al |
||
| 250 | _aBrief third edition | ||
| 260 |
_aBoston _bHoughton Mifflin _cc2005 |
||
| 300 | _8xxi, 513p. | ||
| 650 | _bCalculus. | ||
| 700 | _aJohn W Kenelly | ||
| 700 | _aIris B Fetta | ||
| 700 | _aCynthia R Harris | ||
| 942 |
_2lcc _cGEN |
||
| 999 |
_c9898 _d9898 |
||